000 00666nam a22002057a 4500
005 20240307113542.0
010 _aENG-139566
020 _a9788179662120
_c150.00
035 _aEN-123098
037 _bDBAD/PUB
082 _a880
100 _aFarhathullah, T. M.
_962916
245 _aStrengthen your english for competitive examinations:
_cBy T. M. Farhathullah and D. S. Kesava Rao
_hEnglish
260 _bEmerald
_aChennai
_c2015
270 _a15A, First Floor, Casa Major Road
300 _a185p.
_c24cm(hbk)
700 _aFarhathollah T. M.
_eAuthor
_962847
700 _aRao, D. S. Kesava
_eAuthor
_962848
942 _2ddc
_cEN
_h880
_mFAR
999 _c201278
_d201278